| 000 | 00530nam a2200205Ia 4500 | ||
|---|---|---|---|
| 003 | OSt | ||
| 005 | 20250308101331.0 | ||
| 008 | 210210b1978 xxu||||| |||| 00| 0 eng d | ||
| 040 | _cAL | ||
| 041 | _ahin | ||
| 082 | _aH891.3 DAVS | ||
| 100 |
_aDAVE (Krashnavallabh): _9205084 |
||
| 110 |
_bदेव कृष्णवल्लभ _9205085 |
||
| 245 |
_aSankalp: _bसंकल्प |
||
| 260 |
_aIlahabad _bAnil Prakashan _c1978 |
||
| 300 | _a110 | ||
| 690 |
_aHindi Fiction _9205086 |
||
| 906 | _a033758 | ||
| 942 |
_2ddc _cBK |
||
| 999 |
_c84953 _d84953 |
||